000
00304nam a2200121Ia 4500
008
211105s9999 xx 000 0 und d
020
_a
VYASA00157
100
_a
Keith Berriedale
245
2
_a
A History Of Sanskrit Literature
250
_a
\N
260
_b
Motilal banarsidass Publishers
_c
\N
300
_a
\N
999
_c
8830
_d
8830